The big book of marketing : (Record no. 50861)

MARC details
000 -LEADER
fixed length control field 01657nam a22002777a 4500
005 - DATE AND TIME OF LATEST TRANSACTION
control field 20110303104624.0
008 - FIXED-LENGTH DATA ELEMENTS--GENERAL INFORMATION
fixed length control field 110303t xxu||||| |||| 00| 0 eng d
010 ## - LCCN (DPL NO)
LC control number ENG-102074
020 ## - INTERNATIONAL STANDARD BOOK NUMBER
International Standard Book Number 9780071067645
Terms of availability 595.00
020 ## - INTERNATIONAL STANDARD BOOK NUMBER
International Standard Book Number 0071067647
Terms of availability 595.00
035 ## - SYSTEM CONTROL NUMBER
System control number EN-85607
037 ## - SOURCE OF ACQUISITION
Source of stock number/acquisition DBAD/PUB
040 ## - CATALOGING SOURCE
Original cataloging agency dpl
Language of cataloging Eng
082 00 - DEWEY DECIMAL CLASSIFICATION NUMBER
Classification number 658.8
245 04 - TITLE STATEMENT
Title The big book of marketing :
Remainder of title lessons and best practices from the world's greatest companies /
Statement of responsibility, etc edited by Anthony G. Bennett
260 ## - PUBLICATION, DISTRIBUTION, ETC. (IMPRINT)
Place of publication, distribution, etc New Delhi
Name of publisher, distributor, etc Tata McGraw-Hill
Date of publication, distribution, etc c2010
270 ## - ADDRESS
Address 7, West Patel Nagar
City New Delhi
Postal code 110008
300 ## - PHYSICAL DESCRIPTION
Extent xv, 464 p. :
Other physical details ill.
Dimensions 24 cm (pbk)
500 ## - GENERAL NOTE
General note Includes bibliographical references and index.
505 0# - FORMATTED CONTENTS NOTE
Formatted contents note Marketing overview -- Organizational responsibility -- Strategic planning -- Branding -- Marketing research -- Consumer purchasing behavior -- Organizational purchasing behavior -- Marketing communications management -- Sales -- Advertising -- Public relations -- Promotional marketing -- Direct marketing -- Brand ambassadors -- Product management -- Product development -- Product packaging -- Product pricing -- Product quality -- Supply chain management -- Wholesaling -- Warehousing -- Transportation -- Store retailing -- Internet retailing.
650 #0 - SUBJECT ADDED ENTRY--TOPICAL TERM
Topical term or geographic name as entry element Marketing
Form subdivision Case studies.
9 (RLIN) 26374
700 1# - ADDED ENTRY--PERSONAL NAME
Personal name Bennett, Anthony G.
9 (RLIN) 26375
942 ## - ADDED ENTRY ELEMENTS (KOHA)
Source of classification or shelving scheme Dewey Decimal Classification
Item type English Books
Classification part 658.8
Call number suffix BIG
Holdings
Withdrawn status Lost status Source of classification or shelving scheme Damaged status Not for loan Collection code Home library Current library Date acquired Source of acquisition Cost, normal purchase price Total Checkouts Full call number Barcode Date last seen Copy number Cost, replacement price Koha item type
    Dewey Decimal Classification   Not For Loan Non-fiction D.B.Act.Division D.B.Act.Division 03/03/2011 DBAD/PUB 595.00   658.8 BIG EN-85607 03/03/2011 1 595.00 English Books

© Delhi Public Library
Hit Counter
free hit counter